| 000 | 00741nam a22002417a 4500 | ||
|---|---|---|---|
| 003 | UA-OsUOA | ||
| 001 | 45394 | ||
| 007 | ta | ||
| 008 | 20070418b un ||||| |||| 00| 0 ukr d | ||
| 100 | _aСлавинський М.М. | ||
| 090 |
_a82-4 _bС47 |
||
| 942 | _cBK | ||
| 040 |
_aUA-OsUOA _bukr _cUA-OsUOA _dUA-OsUOA |
||
| 245 |
_aЛюди і справи мого часу _bВласний громадсько-політичний огляд. Свідчення очевидця |
||
| 300 | _a164 с. | ||
| 955 | _a3 | ||
| 041 | _aukr | ||
| 080 | _a82-4 | ||
| 020 | _a966-96426-7-1 | ||
| 260 |
_aК. _bВБ "Максимум" _c2006 |
||
| 650 | 7 |
_a82 Література. Літературознавство _2UDC |
|
| 999 |
_c331497 _d331497 |
||